Movies Quiz

Random Movies or Quick Pick Quiz

Quick Pick: Oscar for Best Original Song (1945-1954) Quiz Stats

Quiz not verified by Sporcle

Score 0/10 Timer 01:00
0 Plays Today
% Correct
Song of the South
84.6%
High Noon
83.7%
Three Coins in the Fountain
81.7%
State Fair
54.8%
Calamity Jane
44.2%
Here Comes the Groom
39.4%
The Harvey Girls
39.4%
Captain Carey, U.S.A.
38.5%
Neptune's Daughter
27.9%
Paleface
26%

You're not logged in!

Compare scores with friends on all Sporcle quizzes.
Sign Up with Email
OR
Log In

You Might Also Like...

Show Comments

Extras

Top Quizzes Today


Score Distribution

Your Account Isn't Verified!

In order to create a playlist on Sporcle, you need to verify the email address you used during registration. Go to your Sporcle Settings to finish the process.

Report this User

Report this user for behavior that violates our Community Guidelines.

Details: